Romeo and Juliet Lyrics - Statistics

General Stats
  • This quiz has been taken 31 times
    30 since last reset
  • The average score is 338 of 449
Answer Stats
Lyrics % Correct
A
94%
a
94%
I
94%
'I
94%
me,
94%
me
94%
love
89%
love,
89%
Romeo
89%
Romeo,
89%
to
89%
When
89%
when
89%
yo
89%
"You
89%
you
89%
You
89%
you,
89%
you.
89%
and
83%
And
83%
be.
83%
be
83%
be,
83%
do
83%
for
83%
he
83%
I'll
83%
Julie,
83%
my
83%
of
83%
on
83%
that
83%
that.
83%
the
83%
was
83%
we
83%
about
78%
at
78%
babe,
78%
boyfriend's
78%
can
78%
from
78%
gonna
78%
"Hey,
78%
how
78%
How
78%
in
78%
it?"
78%
it
78%
it's
78%
Juliet
78%
"Juliet,
78%
Juliet?"
78%
Juliet?
78%
Juliet,
78%
just
78%
like:
78%
like
78%
out
78%
real.
78%
realize
78%
say:
78%
says
78%
says:
78%
singing:
78%
singing
78%
song
78%
song.
78%
song,
78%
time
78%
time.
78%
us,
78%
window,
78%
with
78%
wrong,
78%
your
78%
any
72%
attack."
72%
back.
72%
can't
72%
cry.
72%
dice
72%
die.'
72%
gave
72%
heart
72%
heart,
72%
know
72%
la,
72%
loaded
72%
lovestruck
72%
made.
72%
made
72%
made;
72%
nearly
72%
something
72%
stars
72%
start,
72%
'til
72%
up
72%
used
72%
above,
67%
all
67%
All
67%
around
67%
as
67%
come
67%
Come
67%
have
67%
here
67%
He's
67%
is
67%
look
67%
now
67%
Now
67%
place
67%
said
67%
serenade,
67%
streets
67%
streets,
67%
they
67%
thin,
67%
way
67%
what
67%
anything
61%
but
61%
everybody
61%
exploded
61%
fall
61%
forget,
61%
forget
61%
movie
61%
people
61%
shade,
61%
shouldn't
61%
steps
61%
underneath
61%
chains
56%
different
56%
dream
56%
gold.
56%
him."
56%
hold.
56%
if
56%
mean,
56%
meant
56%
"Oh,
56%
one
56%
she's
56%
silver,
56%
streetlight,
56%
There's
56%
thick
56%
another
50%
bad
50%
both
50%
company.
50%
everything,
50%
keep
50%
kiss
50%
laying
50%
low
50%
pretty
50%
promises
50%
same.
50%
scene
50%
shame,
50%
strangers
50%
TV,
50%
were
50%
Anyway,
44%
bars
44%
beat,
44%
deals?
44%
dirty,
44%
except
44%
find
44%
I'd
44%
rhyme,
44%
sang
44%
through
44%
yeah.
44%
yeah,
44%
promised
39%
talk
39%
bet,
33%
dreamed
33%
miss
33%
Finds
28%
yes,
28%
convenient
22%
talks
22%
No matching quizzes found
Score Distribution
Percent of People with Each Score
Percentile by Number Answered
Your Score History
You have not taken this quiz since the last reset